| 000 | 00798nam a22002417a 4500 | ||
|---|---|---|---|
| 001 | 35302 | ||
| 003 | UA-OsUOA | ||
| 005 | 20210722102740.0 | ||
| 007 | ta | ||
| 008 | 20051121b un ||||| |||| 00| 0 ukr d | ||
| 020 | _a9666421216 | ||
| 040 |
_aUA-OsUOA _bukr _cUA-OsUOA _dUA-OsUOA |
||
| 041 | _aukr | ||
| 080 | _a82(091)(477) | ||
| 090 |
_a82(091)(477) _bІ-90 |
||
| 245 |
_aІсторія української літератури ХІХ ст. (70 – 90-ті роки): у 2-х кн. _cза ред. О. Д. Гнідан _nКн. 2 |
||
| 260 |
_aК. _bВища школа _c2003 |
||
| 300 | _a439 с. | ||
| 650 | 7 |
_a82 Література. Літературознавство _2UDC |
|
| 942 |
_cBK _2udc |
||
| 955 | _a2 | ||
| 999 |
_c313991 _d313991 |
||